| 000 | 00362nam a2200133Ia 4500 | ||
|---|---|---|---|
| 008 | 220216s9999 xx 000 0 und d | ||
| 100 | _aWentworth V H | ||
| 245 | 4 | _aThe use of serum as a latex coagulant | |
| 260 |
_bJournal of the Rubber Research Institute of Malaya _c1940 |
||
| 300 | _a126-146 | ||
| 650 | _aLatex coagulant | ||
| 650 | _aSerum | ||
| 942 | _cJS | ||
| 999 |
_c71143 _d71143 |
||